Randomized capital cities (no Oceania or africa) - Statistics

General Stats
  • This quiz has been taken 10 times
  • The average score is 53 of 60
Answer Stats
Answer % Correct
Uae abu dhabi
100%
Jordan amman
100%
Netherlands amsterdam
100%
Andorra Andorra la Vella
100%
Turkey ankara
100%
Greece Athens
100%
Iraq baghdad
100%
Azerbaijan Baku
100%
Azerbaijan baku
100%
Brunei bandar
100%
Thailand bangkok
100%
China beijing
100%
Serbia belgrade
100%
Germany Berlin
100%
Switzerland bern
100%
brazil Brasilia
100%
Belguim Brussels
100%
Romania bucharest
100%
Hungary Budapest
100%
argentina Buenos Aires
100%
Australia Canberra
100%
venezuela Caracas
100%
Moldova chisinau
100%
Denmark Copenhagen
100%
Syria damascus
100%
India delhi
100%
Bangladesh dhaka
100%
Qatar doha
100%
Ireland Dublin
100%
Tajikistan dushanbe
100%
guatemala Guatemala
100%
cuba Havana
100%
finland helsinki
100%
Pakistan islamabad
100%
Indonesia jakarta
100%
Israel jerusalem
100%
Afghanistan kabul
100%
jamaica Kingston
100%
St Vincent Kingstown
100%
Kuwait kuwait
100%
Ukraine kyiv
100%
bolivia Lapaz
100%
peru Lima
100%
Portugal lisbon
100%
Slovenia ljubljana
100%
United Kingdom london
100%
Luxembourg luxembourg
100%
Spain madrid
100%
Marshall Islands Majuro
100%
Maldives male
100%
nicaragua Managua
100%
mexico Mexico
100%
belarus Minsk
100%
Monaco monaco
100%
uruguay Montevideo
100%
Russia moscow
100%
The Bahamas Nassau
100%
Cyprus nicosia
100%
Norway oslo
100%
canada Ottawa
100%
France Paris
100%
Cambodia phnom penh
100%
Vanuatu Port Villa
100%
Czech Republic Prague
100%
Kosovo pristina
100%
North Korea pyongyang
100%
Iceland Reykjavik
100%
Saudi Arabia riyadh
100%
italy rome
100%
San Marino sanmarino
100%
El salvador San Salvador
100%
chile Santiago
100%
Dominican republic Santo Domingo
100%
Bosnia and Herzegovina Sarajevo
100%
South Korea seoul
100%
Singapore singapore
100%
North Macedonia skopje
100%
bulgaria Sofia
100%
Sweden stockholm
100%
Taiwan taipei
100%
Estonia tallinn
100%
Georgia tbilisi
100%
Iran tehran
100%
Japan tokyo
100%
mongolia ulaan baatar
100%
Mongolia ulaan baatar
100%
Malta valletta
100%
Austria Vienna
100%
Laos vientiane
100%
Lithuania vilnius
100%
Poland warsaw
100%
Usa Washington
100%
New Zealand Wellington
100%
Armenia Yerevan
100%
Armenia yerevan
100%
Croatia Zagreb
100%
Lebanon beirut
86%
Albania Tirana
86%
Paraguay Asuncion
83%
Bahrain manama
83%
Yemen sana'a
83%
Uzbekistan tashkent
83%
Turkmenistan ashgabat
80%
Slovakia bratislava
80%
ecuador Quito
80%
honduras tegucigalpa
80%
Bhutan thimphu
80%
Timor-Leste dili
75%
Tuvalu Funafuti
75%
Vietnam hanoi
75%
Nepal kathmandu
75%
Philippines manila
75%
Cyprus Nicosia
75%
panama Panama
75%
Montenegro podgorica
75%
Latvia Riga
75%
Kazakhstan astana
67%
St kitts and nevis Basseterre
67%
belize Belmopan
67%
Kyrgyzstan bishkek
67%
suriname Paramaribo
67%
Antigua and barbuda St Johns
67%
Barbados Bridgetown
60%
Sri lanka colombo
60%
Trinidad and tobago Portofspain
60%
guyana Georgetown
50%
Oman muscat
50%
haiti Port Au Prince
50%
dominica Roseau
50%
costa rica San Jose
50%
grenada St Georges
50%
Liechtenstein vaduz
50%
colombia Bogata
33%
Papua New guinea Port Morsby
25%
st Lucia Castries
0%
Malaysia kualalumput
0%
Nauru Yaren
0%
No matching quizzes found
Score Distribution
Percent of People with Each Score
Percentile by Number Answered
Your Score History
You have not taken this quiz